000 00899nam a22002417a 4500
003 GR-AtMCL
005 20250808105107.0
006 a|||||r|||| 00| 0
008 250808b |||||||| |||| 00| 0 eng d
020 _a9789605126902
040 _bgre
_aGR-AtMCL
_dGR-AtMCL
_eAACR2
041 1 _heng
100 _aConnolly, Randy
_910010
245 0 0 _aΠρογραμματισμός για το Web :
_bόλα όσα πρέπει να γνωρίζετε /
_cRandy Connolly, Ricardo Hoar ; απόδοση Αγαμέμνων Μήλιος
260 _aΑθήνα :
_bΓκιούρδας,
_c2018
300 _a995 σ. :
_bεικ. ;
_c24 εκ.
500 _aΤίτλος πρωτοτύπου: Fundamentals of Web development
650 0 _aΠληροφορική
_99850
650 0 _aΙστότοποι
_xΑνάπτυξη
_910012
700 _aHoar, Ricardo
_910011
942 _cBK
999 _c9891
_d9891